000 00493nam a2200181Ia 4500
001 10667
005 20260306161849.0
008 260306t1975||||xx |||||||||||||| ||spa||
041 _aESP
082 _a946.05
_bS85
100 _aSuárez Fernández, Luis
_eAUT
245 0 _aNobleza y monarquía:
_bpuntos de vista sobre la historia política castellana del siglo XV
260 _c1975
300 _a271 páginas :
_c22 cm.
650 _aGEN
654 _aCHU
942 _cLIB
_dJUS
_fJUS
_2ddc
_n
999 _c10667
_d10667